000 00890nas a2200289 4500
001 BR2018001955
003 BR-BrBNA
005 20231205131420.0
007 ta
008 230509b bl.|||p| |||| 00| 00por d
040 _aBR-BrBNA
_bpor
_cBiblioteca Nacional de Agricultura
041 _a(Pt)
072 _aK10
100 1 _aHernandez, W.
100 1 _aXavier, A.
100 1 _aPaiva, H.N. de
100 1 _aWendling, I.
245 1 _aPropagação vegetativa do jequitibá-rosa (Cariniana estrellensis (Raddi)Kuntze)por estaquia
650 _aJEQUITIBA ROSA
650 _aPROPAGAÇÃO VEGETATIVA
650 _aESTACA
650 _aREGULADOR DE CRESCIMENTO
650 _aENRAIZAMENTO DE ESTACA
773 0 _tRevista Árvore (Brazil)
_xISSN 0100-6762
_g(Sep-Oct 2013), v. 37(5) p. 955-967
_wBR2018001955
909 _a202311
_bLúcia
_c55
_dLúcia Elande
942 _2AGRIS
_n0
_cANA
999 _c254683
_d254683